000 00587nam a2200229Ia 4500
003 OSt
005 20221005130151.0
006 a|||||r|||| 00| 0
007 ta
008 221004b |||||||| |||| 00| 0 san d
024 _a59324
037 _cTextual
040 _aCRL
_cCRL
_bsan
041 _2san
_asan
082 _aO15:gxD91,1, 33K8
100 _aShadakshari Au.
_9637689
245 0 _aRajasekhara vilasam
260 _c1968
650 _aSANSKRIT LITERATURE
942 _hO15:gxD91,1, 33K8
_cTEXL
_2cc
999 _c1056300
_d1056300